00458nam a2200109Ia 4500008004100000050002300041100002400064245013100088260008600219300002800305521001500333140724s9999 xx 000 0 und d aBF 698b.R638 2011 aRobenta, Ronaldo A. aEffects of classical music on memory recall among selected 3rd and 4th year BS-Psychologyology students /cRonaldo A. Robenta. aLas Piñas, Philippines :bSouthville International School and Colleges,cc2011. a29 p. :bill. ;c28 cm. aPsychology